| 000 | 00876na a2200301 4500 | ||
|---|---|---|---|
| 001 | 23471 | ||
| 003 | MIRAKIL | ||
| 005 | 20181213155145.0 | ||
| 008 | 171005b tu 000 0 | ||
| 020 | _a9786058609723 | ||
| 040 |
_aMilas _btur _cTR-AnCHP |
||
| 041 | _atur | ||
| 100 | _aKörpe, Özgür | ||
| 245 |
_aAsya'da güvenlik sorunları ve yansımaları _cÖzgür Körpe, Uğur Yasin Asal, ...[ve öte], editör R. Kutay Karaca |
||
| 260 |
_aİstanbul _bBİLGESAM Yayınları _c2013 |
||
| 300 |
_a224 s. _bgrf. _c21 sm. |
||
| 500 | _aGEÇİCİ KATALOG KAYDIDIR. | ||
| 700 |
_aKaraca, R. Kutay _eed. |
||
| 700 | _aYavaş, Ahmet | ||
| 700 | _aYiğitel, Ayla | ||
| 700 | _aÖzel, Cansın | ||
| 700 | _aTürk, Bengü | ||
| 700 | _aOruç, Tarık Çağrı | ||
| 700 | _aAsal, Uğur Yasin | ||
| 700 | _aKörpe, Özgür | ||
| 942 |
_2dcc _cBKS |
||
| 999 |
_c7636 _d7636 |
||